American academy of microbiology critical issues colloquia reports

Detalles Bibliográficos
Formato: Electrónico Revista
Lenguaje:inglés
Publicado: Washington, D.C. : American Academy of Microbiology
Materias:
Acceso en línea:Full text available from Research Library: 01/01/1992 to 12/31/1992
Full text available from Research Library: 01/01/1995 to 12/31/2013
Full text available from Research Library: 01/01/2015 to 01/31/2016

MARC

LEADER 00000nas a2200000 a 4500
001 ssj0000858313
003 WaSeSS
005 20200512172242.0
006 m d
007 cr n
008 130318c19uu20uudcua| p|s|||||| |0eng d
035 |a (WaSeSS)ssj0000858313 
040 |a WaSeSS  |c WaSeSS  |d WaSeSS 
050 4 |a QR1 
245 0 0 |a American academy of microbiology critical issues colloquia reports  |h [electronic resource]. 
260 |a Washington, D.C. :  |b American Academy of Microbiology  
310 |a Annual 
506 |a License restrictions may limit access. 
588 |a Description based on: 1992; title from title screen (ProQuest, viewed March 14, 2013). 
588 |a Latest issue consulted: 2012 (viewed March 14, 2013). 
650 0 |a Microbiology  |v Periodicals. 
655 0 |a Electronic journals. 
856 4 0 |z Full text available from Research Library: 01/01/1992 to 12/31/1992  |u https://search.proquest.com/publication/50688 
856 4 0 |z Full text available from Research Library: 01/01/1995 to 12/31/2013  |u https://search.proquest.com/publication/50688 
856 4 0 |z Full text available from Research Library: 01/01/2015 to 01/31/2016  |u https://search.proquest.com/publication/50688